000 00711nam a22002177a 4500
999 _c9718
_d9718
003 AR-CdUCM
008 190328b ||||| |||| 00| 0 spa d
040 _aMUNICIPALIDAD PROVINCIAL DEL CUSCO
_cBIBLIOTECA MUNICIPAL DEL CUSCO
082 _a373.374 /
_bM27 / 1933
100 _aMasriera, Victor
_926114
245 _aCómo se enseña el dibujo /
260 _aMadrid :
_bRevista de pedagogía,
_c1933.
300 _a47 páginas ;
_c19 cm.
440 _aMetodológica
_nVII
_926115
505 _aContenido : Introducción -- Material para la enseñanza del dibujo al natural ...
650 _aDibujo
_913086
650 _aMateriales
_922177
650 _aTécnicas
_9975
942 _2ddc
_cLIBROS
945 _arah